000
00333nam a22001457a 4500
008
210526b ||||| |||| 00| 0 eng d
020
_a
002-7002907
041
_a
eng
080
_2
3rd
_a
616
082
_a
616
100
_a
9
101
_a
PAT
245
_a
A Massage Therapist's Guide to Pathology
_c
Ruth Werner
942
_2
udc
_c
BK
999
_c
57610
_d
57610